| 000 | 00449nam a22001817a 4500 | ||
|---|---|---|---|
| 005 | 20250809110535.0 | ||
| 008 | 250809b |||||||| |||| 00| 0 eng d | ||
| 020 |
_a9780575081550 _qpbk |
||
| 041 | _aeng | ||
| 082 | _a823.914 HOL | ||
| 100 | _aHoldstock Robert | ||
| 245 |
_aThe Broken Kings _c/ Robert Holdstock |
||
| 250 | _a1st ed | ||
| 260 |
_aBritain _bGollancz _c2006 |
||
| 300 |
_a357p. : _c22cm |
||
| 650 | _aFiction | ||
| 942 | _cENGLISH | ||
| 999 |
_c579619 _d579619 |
||